ბათუმის შოთა რუსთაველის სახელმწიფო უნივერსიტეტის ბიბლიოთეკა

აღდგომა (ბიბ.ჩანაწერი № 49958)

000 -LEADER
fixed length control field 00630nam a2200229Ia 4500
001 - CONTROL NUMBER
control field 16894
003 - CONTROL NUMBER IDENTIFIER
control field GE_BSU
008 - FIXED-LENGTH DATA ELEMENTS--GENERAL INFORMATION
fixed length control field 181216s||||||||xx |||||||||||||| ||und||
040 ## - CATALOGING SOURCE
Transcribing agency GE_BSU
080 ## - UNIVERSAL DECIMAL CLASSIFICATION NUMBER
Universal Decimal Classification number 821.161.1-31
100 ## - MAIN ENTRY--PERSONAL NAME
Personal name ტოლსტოი, ლ.
245 ## - TITLE STATEMENT
Title აღდგომა
245 ## - TITLE STATEMENT
Remainder of title რომანი
245 ## - TITLE STATEMENT
Statement of responsibility, etc. თარგმ. ი. მაჭავარიანმა
260 ## - PUBLICATION, DISTRIBUTION, ETC.
Place of publication, distribution, etc. თბილისი
260 ## - PUBLICATION, DISTRIBUTION, ETC.
Name of publisher, distributor, etc. საბჭ. მწერალი
260 ## - PUBLICATION, DISTRIBUTION, ETC.
Date of publication, distribution, etc. 1962
300 ## - PHYSICAL DESCRIPTION
Extent 619გვ. ; 21სმ
653 ## - INDEX TERM--UNCONTROLLED
Uncontrolled term აღდგომა
653 ## - INDEX TERM--UNCONTROLLED
Uncontrolled term რომანი
942 ## - ADDED ENTRY ELEMENTS (KOHA)
Koha item type წიგნი
ეგზემპლარები
Withdrawn status Lost status Damaged status Not for loan Date acquired Barcode Date last seen Price effective from Koha item type
        2018-12-17 21937 2018-12-17 2018-12-17 წიგნი
        2018-12-17 21938 2018-12-17 2018-12-17 წიგნი
        2018-12-17 21939 2018-12-17 2018-12-17 წიგნი
        2018-12-17 21940 2018-12-17 2018-12-17 წიგნი